|
|
|
|
| LEADER |
00000nam0a2200000 4500 |
| 001 |
319063 |
| 005 |
20231102003137.0 |
| 035 |
|
|
|a (RuTPU)RU\TPU\book\344568
|
| 090 |
|
|
|a 319063
|
| 100 |
|
|
|a 20160518d1974 km y0rusy50 ca
|
| 101 |
0 |
|
|a rus
|
| 102 |
|
|
|a RU
|
| 105 |
|
|
|a a z 000zy
|
| 200 |
1 |
|
|a Стимулирование роста производительности труда
|e опыт Минского завода холодильников
|f А. Н. Оноприенко, А. П. Ковальчук
|
| 210 |
|
|
|a Москва
|c Экономика
|d 1974
|
| 215 |
|
|
|a 95 с.
|c табл.
|
| 225 |
1 |
|
|a Передовые методы хозяйствования, труда, управления
|
| 606 |
1 |
|
|a Заводы холодильных машин
|x Экономическое стимулирование
|2 stltpush
|3 (RuTPU)RU\TPU\subj\11210
|9 38180
|
| 610 |
1 |
|
|a холодильники
|
| 610 |
1 |
|
|a производительность труда
|
| 610 |
1 |
|
|a нормирование
|
| 610 |
1 |
|
|a премирование
|
| 610 |
1 |
|
|a эксперименты
|
| 610 |
1 |
|
|a рекомендации
|
| 675 |
|
|
|a 621.565.002
|v 3
|
| 700 |
|
1 |
|a Оноприенко
|b А. Н.
|g Антонина Никифоровна
|
| 701 |
|
1 |
|a Ковальчук
|b А. П.
|g Антон Петрович
|
| 801 |
|
1 |
|a RU
|b 63413507
|c 20160518
|
| 801 |
|
2 |
|a RU
|b 63413507
|c 20160525
|g RCR
|
| 942 |
|
|
|c BK
|